Análisis espacio -temporal de construcciones residenciales en la Gran Área Metropolitana entre 1995-2014
保存先:
| 第一著者: | |
|---|---|
| フォーマット: | 図書 |
| 言語: | Spanish |
| 出版事項: |
[San José], Costa Rica
2016
|
| 主題: |
PLANIFICACION TERRITORIAL - GRAN AREA METROPOLITANA (COSTA RICA)
> ORDENAMIENTO TERRITORIAL - GRAN AREA METROPOLITANA (COSTA RICA)
> REHABILITACION URBANA - GRAN AREA METROPOLITANA (COSTA RICA)
> DISEÑO URBANO - GRAN AREA METROPOLITANA (COSTA RICA)
> URBANISMO - GRAN AREA METROPOLITANA (COSTA RICA)
> ESPACIO (ARQUITECTURA) - GRAN AREA METROPOLITANA (COSTA RICA)
|
| タグ: |
タグ追加
タグなし, このレコードへの初めてのタグを付けませんか!
|
MARC
| LEADER | 00000nam a22000007a 4500 | ||
|---|---|---|---|
| 003 | 012527 | ||
| 005 | 20221231144142.0 | ||
| 008 | 170201b2016 cr a|||| m||| 00| ||spa d | ||
| 040 | |c cru CEDI | ||
| 090 | |a TFG 7678 | ||
| 100 | |9 6695 |a González Sicard, Carlos Roberto | ||
| 245 | |a Análisis espacio -temporal de construcciones residenciales en la Gran Área Metropolitana entre 1995-2014 | ||
| 260 | |a [San José], Costa Rica |c 2016 | ||
| 300 | |a vii, 191[25] hojas ; ilustraciones a color, mapas | ||
| 500 | |a Proyecto de graduación (licenciatura en ingeniería civil)--Universidad de Costa Rica. Facultad de Ingeniería. Escuela de Ingeniería Civil | ||
| 650 | |x PLANIFICACION TERRITORIAL - GRAN AREA METROPOLITANA (COSTA RICA) |x ORDENAMIENTO TERRITORIAL - GRAN AREA METROPOLITANA (COSTA RICA) |x REHABILITACION URBANA - GRAN AREA METROPOLITANA (COSTA RICA) |x DISEÑO URBANO - GRAN AREA METROPOLITANA (COSTA RICA) |x URBANISMO - GRAN AREA METROPOLITANA (COSTA RICA) |x ESPACIO (ARQUITECTURA) - GRAN AREA METROPOLITANA (COSTA RICA) |9 6696 | ||
| 942 | |c TFG | ||
| 999 | |c 17644 |d 17644 | ||
